000 00295nam a2200121 i 4500
001 bg
245 0 _aKronika Uniwersytetu Jagiellońskiego za rok akademicki 1966/1967.
260 _aKraków,
_c1970.
040 _cBPK
041 _apol
942 _cKS
008 s pl f |000 0 pol
999 _c7161
_d7161
856 _uhttp://koha.tu.koszalin.pl/cgi-bin/koha/opac-detail.pl?biblionumber=7161
_yKatalog online BPK